00863nam a2200265 u 450000100070000000500170000700800410002403500110006504000130007604100080008908200080009710000400010524500830014526000430022830000430027165000550031465000400036965000230040965000160043265000370044870000440048570000480052950200120057752600080058986930120260506152411.0040402s2003 ||||||m| spa  a869301 ccomduadb aspa 4a62110aBetancur Ramirez, Natalia4auteaut10aClasificacion morfologica de eritrocitos por procesamiento digital de imagenes aMedellín :b[sin publicador],c2003. a94 p. : il. col. + anexos + 1 Disquete aProcesamiento de imágenes - Técnicas digitales aProcesamiento digital de imágenes 7aHematología2dcs aEritrocitos aLaboratorio clinico hematologico10aRestrepo Velasquez, Margarita4auteaut10aFernández McCann, David Stephen4thseths b173c17 a175